The Encyclopedia of Language and Linguistic, Volume 6 Volume 6

Αποθηκεύτηκε σε:
Λεπτομέρειες βιβλιογραφικής εγγραφής
Κύριος συγγραφέας: Asher, R.E.
Μορφή: Βιβλίο
Έκδοση: Oxford University Press 1994
Θέματα:
Ετικέτες: Προσθήκη ετικέτας
Δεν υπάρχουν, Καταχωρήστε ετικέτα πρώτοι!
Thư viện lưu trữ: Mạng thư viện Đại học Đà Nẵng
LEADER 00865nam a22002411a 4500
001 000033086
003 9219
005 20151016151428.0
008 151016s1994 000
082 |a 403  |b AS-R  |2 Volume 6 
100 |a Asher, R.E. 
245 |a The Encyclopedia of Language and Linguistic, Volume 6  |c R.E.Asher  |n Volume 6 
260 |a Oxford University Press  |c 1994 
300 |a 1500tr. : mh ; 30 cm 
650 |a The Encyclopedia, Language, Linguistic, Volume 6 
OWN |a LNN 
AVA |a UDN50  |b LNN  |d 403 AS-R  |e available  |t Error 5001 Not defined in file expand_doc_bib_avail.  |f 4  |g 0  |h N  |i 0  |k 1 
999 |a From the UDN01 
AVA |a UDN50  |b LNN  |d 403 AS-R  |e available  |t Error 5001 Not defined in file expand_doc_bib_avail.  |f 4  |g 0  |h N  |i 0  |k 1 
TYP |a Monograph 
980 |a Mạng thư viện Đại học Đà Nẵng